Ivy Lyrics - Frank Ocean - Statistiques

Statistiques générales
  • Ce quiz a été pris 78 fois
  • Le résultat moyen est 252 sur 382
Statistiques - réponses
Réponse % Correct
I
100%
I
100%
when
100%
When
100%
you
100%
You
100%
me
98%
was
98%
dreaming
96%
said
96%
loved
94%
that
93%
thought
93%
no
91%
No
91%
start
87%
a
85%
not
85%
of
85%
the
83%
The
83%
to
83%
nothing
81%
could
80%
it
80%
do
76%
had
76%
now
76%
see
72%
then
72%
we
72%
We
72%
be
70%
coming
70%
know
70%
chance
69%
couldn't
69%
It's
69%
is
67%
prepare
67%
hate
65%
both
63%
deep
63%
down
63%
feel
63%
in
63%
In
63%
Oh
63%
your
63%
alright
61%
good
61%
kid
59%
more
59%
feeling
57%
never
57%
quite
57%
my
56%
My
56%
kids
54%
back
52%
Back
52%
ain't
50%
an
50%
those
50%
again
48%
did
48%
Did
48%
still
48%
Still
48%
We'll
48%
didn't
44%
hotel
44%
faces
43%
give
43%
If
43%
would
43%
Don't
39%
fuck
39%
heart
39%
like
39%
our
39%
remember
39%
say
39%
tell
37%
faking
35%
How
35%
so
35%
thoughts
35%
were
35%
And
33%
broke
33%
by
33%
last
33%
mean
33%
Mean
33%
same
33%
you're
33%
But
30%
week
30%
All
28%
what
28%
Arm
26%
matter
26%
much
26%
through
26%
truck
26%
walls
26%
drive
24%
better
22%
friends
22%
from
22%
Safe
22%
time
22%
armored
20%
around
20%
Everything
20%
halls
20%
name
20%
things
20%
been
19%
meant
19%
need
19%
rental
19%
shoulder
19%
started
19%
There
19%
weekend
19%
You'll
19%
I've
17%
probably
17%
Screaming
17%
sucked
17%
tought
17%
waves
17%
wouldn't
15%
dip
13%
kill
13%
Syd's
13%
We'd
13%
illegal
11%
ivory's
11%
sincere
11%
crazy
9%
going
7%
seats
7%
Aucun quiz correspondant
Distribution des résultats
% des personnes avec chaque résultat
Percentile par nombre de réponses
Votre historique - résultats
Vous n’avez pas pris ce quiz